000
00274nam a2200109Ia 4500
008
200302s9999 xx 000 0 und d
100
_a
Gustav Metzger
245
_a
Hans Ulrich Obrist
260
_b
Verlag der Buchhandlung Water Konig Koln
260
_c
2008
300
_a
144 P.,
999
_c
2671
_d
2671